Loading...
| Philosophy | 1 | 4 | 5 | 1 | 30 | 49 | 111.00 | 1 | 2 | 9.22 | 24.87 |
| History - American | 1 | 1 | 0 | 0 | 25 | 48 | 105.50 | 1 | 1 | 4.71 | 8.72 |
| Other Science (Computer Science) | 0 | 2 | 0 | 0 | 20 | 95 | 119.50 | 0 | 0 | 7.01 | 19.17 |
| Literature - British | 0 | 2 | 0 | 0 | 20 | 88 | 116.50 | 0 | 1 | 3.50 | 11.65 |
| Fine Arts - Other Arts | 0 | 2 | 1 | 0 | 15 | 103 | 121.50 | 0 | 0 | 2.71 | 5.38 |
| Fine Arts - Painting and Sculpture | 0 | 2 | 1 | 0 | 15 | 110 | 129.50 | 0 | 0 | 2.14 | 5.13 |
| Religion | 0 | 3 | 3 | 0 | 15 | 94 | 112.67 | 1 | 2 | 5.84 | 18.58 |
| Other Academic | 1 | 0 | 0 | 0 | 15 | 33 | 33.00 | 1 | 1 | 11.18 | 14.29 |
| Social Science | 0 | 1 | 0 | 1 | 10 | 146 | 146.00 | 0 | 0 | -0.05 | 2.05 |
| Literature - American | 0 | 1 | 0 | 1 | 10 | 170 | 170.00 | 0 | 0 | -0.05 | 0.64 |
| Modern World | 0 | 1 | 0 | 0 | 10 | 100 | 100.00 | 0 | 0 | 3.85 | 5.56 |
| Other Culture | 0 | 0 | 1 | 0 | -5 | 0.00 | 0 | 0 | 0.00 | 0.00 | |
| Mythology | 0 | 0 | 1 | 0 | -5 | 0.00 | 0 | 0 | 0.00 | 0.00 | |
| Literature - European | 0 | 0 | 1 | 0 | -5 | 0.00 | 0 | 0 | 0.00 | 0.00 | |
| History - European | 0 | 0 | 1 | 0 | -5 | 0.00 | 0 | 0 | 0.00 | 0.00 |